000 00619cam a2200229 4500
008 000000n1999 000 0 eng u
020 _a0632048751
035 _a(Sirsi) u100025
041 _aENG
050 _a690.25
100 _aWatt, David S.
245 _aBuilding pathology: principles and practice
260 _aOxford
_bBlackwell
_c1999
300 _ax, 277p. ; 24cm.
350 _a29.75
520 _aSuperseded by second edition (ISBN 9781405161039).
650 _aBUILDING DEFECTS
650 _aBUILDING FAILURES
650 _aBUILDING PERFORMANCE
690 _aBUILT ENVIRONMENT
942 _n0
999 _c99555
_d99555